Normal view
MARC view
- Manujauth V. Joshi, Kishor P. Upla
Entry Personal Name
001 - CONTROL NUMBER
- control field: 134472
003 - CONTROL NUMBER IDENTIFIER
- control field: NUST
005 - DATE AND TIME OF LATEST TRANSACTION
- control field: 20260514122231.0
008 - FIXED-LENGTH DATA ELEMENTS
- fixed length control field: 260514|| aca||aabn | a|a d
040 ## - CATALOGING SOURCE
- Original cataloging agency: NUST
- Transcribing agency: NUST
100 ## - HEADING--PERSONAL NAME
- Personal name: Manujauth V. Joshi, Kishor P. Upla
670 ## - SOURCE DATA FOUND
- Source citation: Work cat.: (NUST): Manujauth V. Joshi, Kishor P. Upla., Multi-Resolution Image Fusion in Remote Sensing /, 2019.
